000 00640cam a2200181 4500
001 D2593
008 090401t1975 xxu||||| |||| 00| 0 eng d
035 _a(Sirsi) u69768
041 _aeng
110 _aCommonwealth Association of Surveying and Land Economy
_92570
245 4 _aThe development of Caribbean land resources - the role of surveying and land economy, report of the proceedings of a symposium held at the Holiday Inn Hotel, Port of Spain, Trinidad, 19-21 November 1975
260 _aLondon
_bCASLE
_c1975
300 _a139p. 30cm
350 _a3.5
520 _aShelved at F333.009729
942 _n0
948 _c04/03/1997
999 _c95229
_d95229